English for academic study : (Record no. 8986)

MARC details
000 -LEADER
fixed length control field 01240nam a22003495a 4500
003 - CONTROL NUMBER IDENTIFIER
control field EG-ScBUE
005 - DATE AND TIME OF LATEST TRANSACTION
control field 20200226112413.0
008 - FIXED-LENGTH DATA ELEMENTS--GENERAL INFORMATION
fixed length control field 150823r20062005enka f b 000 0 eng d
020 ## - INTERNATIONAL STANDARD BOOK NUMBER
International Standard Book Number 1859647464
020 ## - INTERNATIONAL STANDARD BOOK NUMBER
International Standard Book Number 9781859647462
040 ## - CATALOGING SOURCE
Original cataloging agency EG-ScBUE
Language of cataloging eng
Description conventions rda
Transcribing agency EG-ScBUE
Modifying agency EG-ScBUE
082 04 - DEWEY DECIMAL CLASSIFICATION NUMBER
Classification number 808.0428
Item number MCC
Edition number 22
100 1# - MAIN ENTRY--PERSONAL NAME
Personal name Mccormack, Joan,
Relator term author.
9 (RLIN) 37571
245 10 - TITLE STATEMENT
Title English for academic study :
Remainder of title extended writing & research skills.
Name of part/section of a work Course book /
Statement of responsibility, etc Joan McCormack and John Slaght.
246 3# - VARYING FORM OF TITLE
Title proper/short title English for academic study :
Remainder of title extended writing and research skills.
246 30 - VARYING FORM OF TITLE
Title proper/short title Course book
250 ## - EDITION STATEMENT
Edition statement Reprinted edition.
264 #1 - PUBLICATION, DISTRIBUTION, ETC. (IMPRINT)
Place of publication, distribution, etc Reading, UK :
Name of publisher, distributor, etc Garnet Publishing,
Date of publication, distribution, etc 2006.
300 ## - PHYSICAL DESCRIPTION
Extent 137 pages :
Other physical details illustrations ;
Dimensions 30 cm
336 ## - CONTENT TYPE
Source rdacontent
Content type term text
Content type code txt
337 ## - MEDIA TYPE
Source rdamedia
Media type term unmediated
Media type code n
338 ## - CARRIER TYPE
Source rdacarrier
Carrier type term volume
Carrier type code nc
500 ## - GENERAL NOTE
General note Includes appendices.
504 ## - BIBLIOGRAPHY, ETC. NOTE
Bibliography, etc Includes bibliographical references.
590 ## - LOCAL NOTE (RLIN)
Local note Mohamed Hussein
650 #7 - SUBJECT ADDED ENTRY--TOPICAL TERM
Topical term or geographic name as entry element English language
General subdivision Rhetoric.
Source of heading or term BUEsh
650 #7 - SUBJECT ADDED ENTRY--TOPICAL TERM
Topical term or geographic name as entry element Academic writing.
Source of heading or term BUEsh
653 ## - INDEX TERM--UNCONTROLLED
Arrived date list August2015
Resource For college Humanities: English
655 ## - INDEX TERM--GENRE/FORM
Form subdivision Reading book
9 (RLIN) 34232
700 1# - ADDED ENTRY--PERSONAL NAME
Personal name Slaght, John,
Relator term author.
9 (RLIN) 37567
942 ## - ADDED ENTRY ELEMENTS (KOHA)
Call number prefix 808.042MCC
Source of classification or shelving scheme Dewey Decimal Classification
Koha item type Book - Borrowing
Holdings
Withdrawn status Lost status Source of classification or shelving scheme Damaged status Not for loan Home library Current library Shelving location Date acquired Source of acquisition Cost, normal purchase price Total Checkouts Full call number Barcode Date last seen Date checked out Cost, replacement price Koha item type Total Renewals Materials specified (bound volume or other part) Collection code Price effective from
    Dewey Decimal Classification     Central Library Central Library Second Floor 02/04/2008 Purchase 90.00 6 808.0428 MCC 000010477 15/07/2025 24/09/2009 112.50 Book - Borrowing        
    Dewey Decimal Classification     Central Library Central Library Second Floor 02/04/2008 Purchase 90.00 6 808.0428 MCC 000010465 15/07/2025 19/08/2009 112.50 Book - Borrowing 3      
    Dewey Decimal Classification     Central Library Central Library Second Floor 02/04/2008 Purchase 90.00 3 808.0428 MCC 000010478 15/07/2025 21/10/2008 112.50 Book - Borrowing 5      
    Dewey Decimal Classification     Central Library Central Library Second Floor 02/04/2008 Purchase 90.00 6 808.0428 MCC 000010454 15/07/2025 24/03/2011 112.50 Book - Borrowing 12      
    Dewey Decimal Classification     Central Library Central Library Second Floor 02/04/2008 Purchase 90.00 8 808.0428 MCC 000010453 15/07/2025 27/10/2008 112.50 Book - Borrowing        
    Dewey Decimal Classification     Central Library Central Library Second Floor 02/04/2008 Purchase 90.00 8 808.0428 MCC 000010452 15/07/2025 10/01/2017 112.50 Book - Borrowing 3      
    Dewey Decimal Classification     Central Library Central Library Second Floor 02/04/2008 Purchase 90.00 7 808.0428 MCC 000010451 15/07/2025 17/10/2011 112.50 Book - Borrowing        
  Lost Dewey Decimal Classification     Central Library Central Library Second Floor 02/04/2008 Purchase 90.00 3 808.0428 MCC 000010450 18/05/2008   112.50 Book - Borrowing   Lost In Inventory_2005-2015/8/22    
  Lost Dewey Decimal Classification     Central Library Central Library Second Floor 02/04/2008 Purchase 90.00 3 808.0428 MCC 000010487 26/11/2008 27/10/2008 112.50 Book - Borrowing 3 Lost In Inventory_2005-2015/8/22    
  Lost Dewey Decimal Classification     Central Library Central Library Second Floor 08/06/2011 Purchase 90.00   808.0428 MCC 000012181 11/06/2008   112.50 Book - Borrowing   Lost In Inventory_2005-2015/8/22    
    Dewey Decimal Classification     Central Library Central Library Second Floor 15/09/2008   90.00 1 808.0428 MCC 000027023 15/07/2025 16/09/2008 112.50 Book - Borrowing 2     15/09/2008
    Dewey Decimal Classification     Central Library Central Library Second Floor 29/09/2008 Purchase 90.00 4 808.0428 MCC 000013592 15/07/2025 23/10/2016 112.50 Book - Borrowing        
  Lost Dewey Decimal Classification     Central Library Central Library Second Floor 17/07/2011   90.00   808.0428 MCC 000010411 17/07/2011   112.50 NB - Book (Non borrowing)   Lost In Inventory_2005-2015/8/22    
    Dewey Decimal Classification     Central Library Central Library Second Floor 17/07/2011   90.00 2 808.0428 MCC 000024373 15/07/2025 18/12/2011 112.50 Book - Borrowing       17/07/2011